Personnel management : a comprehensive guide to theory and practice in Britain
Αποθηκεύτηκε σε:
| Άλλοι συγγραφείς: | |
|---|---|
| Μορφή: | Βιβλίο |
| Γλώσσα: | English |
| Δημοσίευση: |
Oxford :
Blackwell,
c1994
|
| Έκδοση: | 2nd ed. |
| Θέματα: | |
| Ετικέτες: |
Προσθήκη ετικέτας
Δεν υπάρχουν, Καταχωρήστε ετικέτα πρώτοι!
|
MARC
| LEADER | 00000nam a2200000 i 4500 | ||
|---|---|---|---|
| 001 | 1/54641 | ||
| 008 | 960509s1994 eng d | ||
| 020 | |a 0-631-18821-5 | ||
| 035 | |l 10027718 | ||
| 040 | |a GR-MY-UA |b gre |e aacr | ||
| 041 | 0 | |a eng | |
| 082 | 0 | |a 658.300941 | |
| 245 | 1 | 0 | |a Personnel management : |b a comprehensive guide to theory and practice in Britain / |c [edited by] Keith Sisson |
| 250 | |a 2nd ed. | ||
| 260 | |a Oxford : |b Blackwell, |c c1994 | ||
| 300 | |a 747 σ. | ||
| 650 | 0 | 0 | |a Personnel management. |
| 651 | 0 | |a Great Britain. | |
| 700 | 1 | |a Sisson, Keith. |4 edt | |
| 852 | |a INST |b CHIOS |e 19960509 |h 658.300941 PER |p 005200003598 |q 005200003598 |t BK |y 0 | ||
| 909 | |a Χ |b 038080 | ||